[Event "Wuerttemberg-ch MT"]
[Site "Tuebingen"]
[Date "2007.09.01"]
[Round "8"]
[White "Roth, Juergen Eugen"]
[Black "Hirneise, Tobias"]
[Result "1/2-1/2"]
[WhiteElo "2309"]
[BlackElo "2293"]
[PlyCount "109"]
[EventDate "2007.08.25"]
[EventType "swiss"]
[EventRounds "9"]
[EventCountry "GER"]
[SourceTitle "CBM 120 Extra"]
[Source "ChessBase"]
[SourceDate "2007.11.01"]
[SourceVersion "1"]
[SourceVersionDate "2007.11.01"]
[SourceQuality "1"]

1. d4 Nf6 2. Nf3 g6 3. c4 Bg7 4. Nc3 0-0 5. e4 d6 6. Be3 e5 7. Be2 Ng4 8. Bg5 f6 9. Bh4 g5 10. Bg3 Nh6 11. Qd2 g4 12. Nh4 f5 13. Nxf5 Nxf5 14. exf5 exd4 15. Nb5 Nc6 16. Bxg4 a6 17. Na3 Qe8+ 18. Kf1 Bxf5 19. Bxf5 Rxf5 20. Nc2 Qf7 21. b3 d3 22. Qxd3 Bxa1 23. Nxa1 Rf8 24. f3 Nb4 25. Qe4 Qg7 26. Kf2 Qb2+ 27. Ke3 d5 28. Qg4+ Kh8 29. Qd4+ Qxd4+ 30. Kxd4 Nxa2 31. Bxc7 dxc4 32. bxc4 Nb4 33. Rb1 Nc6+ 34. Kc3 R5f7 35. Bd6 Re8 36. Rb2 Re6 37. c5 Na7 38. Kc4 Nb5 39. Kd5 Re3 40. Be5+ Kg8 41. Nb3 Re7 42. f4 Kf7 43. Na5 Rd7+ 44. Kc4 Ke6 45. c6 bxc6 46. Nxc6 Re4+ 47. Kc5 Rd3 48. Ra2 Ra3 49. Rd2 Re1 50. g4 Rc1+ 51. Kb6 Rb3 52. f5+ Kf7 53. Rd7+ Kg8 54. Rd8+ Kf7 55. Rd7+ 1/2-1/2

[Event "Oberliga Wuerttemberg 0304"]
[Site "Wuerttemberg"]
[Date "2003.11.16"]
[Round "3.1"]
[White "Roth, Juergen Eugen"]
[Black "Fritsch, Rolf"]
[Result "1-0"]
[WhiteElo "2295"]
[BlackElo "2217"]
[PlyCount "83"]
[EventDate "2003.09.28"]
[EventType "team"]
[EventRounds "9"]
[EventCountry "GER"]
[SourceTitle "EXT 2006"]
[Source "ChessBase"]
[SourceDate "2005.11.24"]
[SourceVersion "1"]
[SourceVersionDate "2005.11.24"]
[SourceQuality "1"]
[WhiteTeam "Tuebingen"]
[BlackTeam "Stuttgart II"]
[WhiteTeamCountry "GER"]
[BlackTeamCountry "GER"]

1. d4 g6 2. e4 Bg7 3. Nc3 d6 4. Be3 a6 5. f4 b5 6. Bd3 Bb7 7. Nf3 b4 8. Ne2 Nf6 9. Ng3 Nbd7 10. c4 c5 11. d5 0-0 12. h3 Qc7 13. 0-0 e6 14. Qd2 exd5 15. exd5 Kh8 16. Rae1 Rae8 17. Rf2 Ng8 18. Rfe2 Bc8 19. Kh1 Re7 20. Bf2 Rxe2 21. Rxe2 Nb6 22. b3 Bc3 23. Qc2 f5 24. a4 Rf7 25. Nf1 Re7 26. Bh4 Rxe2 27. Qxe2 Qf7 28. Ng5 Qf8 29. Ne6 Qe8 30. g4 fxg4 31. hxg4 Nd7 32. Ng3 Nf8 33. f5 gxf5 34. Bxf5 Nd7 35. Ne4 Be5 36. Qf3 Nf8 37. N4g5 h6 38. Nxf8 Qxf8 39. Bxc8 Qxc8 40. Nf7+ Kg7 41. Nxe5 dxe5 42. Bg3 1-0

[Event "Oberliga Wuerttemberg 0203"]
[Site "Wuerttemberg"]
[Date "2003.04.10"]
[Round "8"]
[White "Bauer, Peter"]
[Black "Roth, Juergen Eugen"]
[Result "1-0"]
[WhiteElo "2253"]
[BlackElo "2254"]
[PlyCount "130"]
[EventDate "2002.10.13"]
[EventType "team-tourn"]
[EventRounds "9"]
[EventCountry "GER"]
[SourceTitle "EXT 2019"]
[Source "ChessBase"]
[SourceDate "2018.10.10"]
[SourceVersion "1"]
[SourceVersionDate "2018.10.10"]
[SourceQuality "1"]
[WhiteTeam "Boeblingen"]
[BlackTeam "Tuebingen"]
[WhiteTeamCountry "GER"]
[BlackTeamCountry "GER"]

1. e4 d6 2. d4 Nf6 3. Nc3 g6 4. Be3 c6 5. Qd2 b5 6. Bd3 Nbd7 7. Nf3 e5 8. h3 Bg7 9. dxe5 dxe5 10. Bh6 0-0 11. a4 b4 12. Ne2 Nc5 13. Bxg7 Kxg7 14. Nxe5 Nfxe4 15. Qxb4 Qd6 16. Bxe4 Qxe5 17. Bxc6 Ba6 18. Qc3 Rae8 19. Bxe8 Rxe8 20. 0-0 Bxe2 21. Qxe5+ Rxe5 22. Rfe1 a5 23. f4 Re6 24. Kf2 Bc4 25. Rxe6 Bxe6 26. Ke3 Kf6 27. Kd4 Na6 28. c3 Ke7 29. Re1 Kd6 30. Re5 Nb8 31. Rb5 Nc6+ 32. Ke3 Bc4 33. Rb7 Bd5 34. g4 Nd8 35. Rb5 Nb7 36. b3 Bc6 37. Rb6 Kc5 38. Ra6 Bd5 39. c4 Bc6 40. f5 Bg2 41. h4 Bc6 42. Kf4 h6 43. fxg6 fxg6 44. Ke5 g5 45. hxg5 hxg5 46. Kf6 Bf3 47. Kxg5 Bd1 48. Ra8 Bxb3 49. Rc8+ Kb6 50. Kf6 Bxa4 51. g5 Bc2 52. Ke5 a4 53. Kd4 a3 54. Ra8 Na5 55. c5+ Kb5 56. Rb8+ Ka6 57. Kc3 a2 58. Kb2 Bb1 59. Rb4 Nb7 60. c6 Nc5 61. Rc4 Nd3+ 62. Ka1 Ne5 63. Rc5 Kb6 64. Rxe5 Kxc6 65. g6 Kd6 1-0

[Event "Staufer op 15th"]
[Site "Schwaebisch Gmuend"]
[Date "2003.01.05"]
[Round "8"]
[White "Zude, Arno"]
[Black "Roth, Juergen Eugen"]
[Result "1/2-1/2"]
[WhiteElo "2389"]
[BlackElo "2265"]
[PlyCount "58"]
[EventDate "2003.01.02"]
[EventType "swiss"]
[EventRounds "9"]
[EventCountry "GER"]
[SourceTitle "EXT 2004"]
[Source "ChessBase"]
[SourceDate "2003.11.25"]
[SourceVersion "1"]
[SourceVersionDate "2003.11.25"]
[SourceQuality "1"]

1. e4 g6 2. d4 Bg7 3. Nc3 d6 4. Be3 c6 5. Qd2 b5 6. Nf3 Nf6 7. Bd3 Nbd7 8. a4 b4 9. Ne2 a5 10. Bh6 0-0 11. h4 Bxh6 12. Qxh6 Ng4 13. Qd2 e5 14. dxe5 Ndxe5 15. Nxe5 Nxe5 16. Nf4 f5 17. 0-0-0 Qf6 18. g3 fxe4 19. Bxe4 d5 20. Bxd5+ cxd5 21. Qxd5+ Kh8 22. Rhe1 Bg4 23. Qxe5 Qxe5 24. Rxe5 Bxd1 25. Kxd1 Rad8+ 26. Ke2 Rfe8 27. Nd3 Rxe5+ 28. Nxe5 Kg7 29. Nc4 Rd5 1/2-1/2